000 00979nam a2200289 a 4500
001 41899
003 UkOxU
005 20211209053452.0
008 880808s1945 ctua 001 0 eng u
035 _aoxf98305868
040 _aKSU
_dm.c
_dOCL
_d(BD-RjUL) 42017
_dEQO
_beng
_cBD-RjUL
041 _aeng
082 _223
_a325.73
_bWAS 1949
100 1 _aWarner, W. Lloyd
_q(William Lloyd),
_d1898-1970.
_9128750
245 1 4 _aThe social systems of American ethnic groups /
_cby W. Lloyd Warner and Leo Srole.
260 _aNew Haven :
_bYale University Press ;
_aLondon :
_bOxford University Press,
_c1945.
300 _axii, 318 p. :
_bill. ;
_c24 cm.
490 1 _aYankee City series ;
_vvol. 3.
500 _aIncludes Index
650 0 _aMinorities.
_9128751
650 0 _aAcculturation
_9128752
650 0 _aAliens
_zUnited States
_9128753
700 1 _aSrole, Leo,
_d1908-
_9128754
830 0 _aYankee City series ;
_vvol. 3.
_9128755
942 _2ddc
_cBK
999 _c41899
_d41899